Sport, w którym używa się bardzo małej piłki. - Statystyki

Ogólne statystyki
  • Ten quiz został rozwiązany 65 razy
  • Średni wynik to 3 z 5
Statystyki odpowiedzi
Odpowiedź % Poprawnych
Golf
70%
Tenis Stołowy
67%
Tenis Ziemny
52%
Bilard
37%
Ping Pong
37%
Nie znaleziono quizów pasujących do podanych kryteriów
Rozkład punktacji
Procent ludzi z każdym wynikiem
Percentyl według liczby udzielonych odpowiedzi
Twoja historia wyników
Nie rozwiązałeś tego quizu